000 00334nam a2200133Ia 4500
008 191201s2011 xx 000 0 und d
100 _aSCGERLIND LARRY,J
245 0 _aApplied Finite Element Analysis
250 _a2nd
260 _aN. Delhi
_bWiley Dreautech India
_c2011
300 _a427
650 _aM.Tech (ME)
942 _2ddc
_cBK
999 _c4995
_d4995